Importance of Strategy and Aspects of Strategic Development in Small and Medium-Sized Entrepreneurship
Význam stratégie a determinantov strategického rozvoja a strategického ridenia pre vybranú výskumnú vzorku malých a stredných podnikov.
Salvato in:
| Autore principale: | |
|---|---|
| Natura: | Capitolo di libro |
| Lingua: | inglese |
| Soggetti: | |
| Tags: |
Nessun Tag, puoi essere il primo ad aggiungerne!!
|
MARC
| LEADER | 00000naa a2200000 4500 | ||
|---|---|---|---|
| 001 | 0242776 | ||
| 005 | 20180516130315.7 | ||
| 041 | 0 | |a eng | |
| 044 | |a SK | ||
| 245 | 1 | 0 | |a Importance of Strategy and Aspects of Strategic Development in Small and Medium-Sized Entrepreneurship |c Veronika Svatošová |
| 520 | |a Význam stratégie a determinantov strategického rozvoja a strategického ridenia pre vybranú výskumnú vzorku malých a stredných podnikov. | ||
| 610 | 2 | 0 | |a riadenie strategické |
| 610 | 2 | 0 | |a podnik malý |
| 610 | 2 | 0 | |a podnik stredný |
| 610 | 2 | 0 | |a analýza finančná |
| 610 | 2 | 0 | |a podnikanie malé |
| 610 | 2 | 0 | |a podnikanie stredné |
| 610 | 2 | 0 | |a manažment strategický |
| 100 | 1 | |a Svatošová, Veronika | |